| 000 | 00740nam a2200181 i 4500 | ||
|---|---|---|---|
| 001 | 167976 | ||
| 003 | ES-MaACL | ||
| 005 | 20251005063132.0 | ||
| 008 | 050930s1875 fr | |||||||| ||fre d | ||
| 040 |
_aCAM _bspa _cCAM |
||
| 100 | 1 |
_aWolowski, Louis, _d1810-1876 _9154526 |
|
| 245 | 1 | 0 |
_aDiscours prononcé a la séance publique annuelle de la Société Centrale d'Agriculture de France _b: tenue le dimanche 27 juin 1875 / _cpar Wolowski. |
| 260 |
_aParis : _bVve. Bouchard-Huzard, _c1875. |
||
| 300 |
_a12 p. ; _c22 cm. |
||
| 710 | 2 |
_aSociété Centrale d'Agriculture de France. _9134936 |
|
| 852 |
_aES-MaACL _jT-1289-F-7 _z-- Enc. hol., conservando la cub. original _z-- Enc. en un vol. facticio |
||
| 999 |
_c167976 _d167976 |
||